Principios de refrigeración

Gespeichert in:
Bibliographische Detailangaben
1. Verfasser: Dossat, Roy J (VerfasserIn)
Format: Buch
Sprache:Spanisch
Veröffentlicht: Ciudad de México Continental 1963
Schlagworte:
Tags: Tag hinzufügen
Keine Tags, Fügen Sie den ersten Tag hinzu!

MARC

LEADER 00000nam a2200000 a 4500
001 UCR4722
003 CL-VaPUC
008 980313e19630000MX |||||||||||||||||spa|d
082 0 4 |a 621.56  |b DOS  |2 21 
100 0 |a Dossat, Roy J  |e author  |9 405277 
245 1 0 |a Principios de refrigeración 
300 |a 967 p 
942 |c BK 
945 |d 19980313 00:00:00  |a crobeson 
260 |a Ciudad de México  |b Continental  |c 1963 
650 0 |a Refrigeración  |9 259343 
583 |a last modification  |c 19980313 00:00:00  |k Rodrigo Vera 
999 |c 267616  |d 267614 
952 |0 0  |1 0  |4 0  |6 621_560000000000000_DOS_1963  |7 0  |8 A  |9 300052  |a BIBALI  |b BIBALI  |c RES  |d 2019-11-20  |i 1981374  |o 621.56 DOS 1963  |p 1981374  |r 2025-01-20  |w 2019-11-20  |y BK_R  |k ALI